00405nam a2200121Ia 4500008004100000082001700041100001800058245006500076260004700141300001000188630001800198650006700216211109s9999||||xx |||||||||||||| ||und|| a829.8bNES-H aNesfield, J C 0aHow To Summarise Expand Or Reast Extended In Prose And Verse bMacmillan and Co., LimitedaKingstonc1923 a132p. xGeneral Stack aEnglish & Old English literaturesvProse And VersexLiterature